Normal view
MARC view
- M.A.Qadeer
Entry Personal Name
001 - CONTROL NUMBER
- control field: 27554
003 - CONTROL NUMBER IDENTIFIER
- control field: NUST
005 - DATE AND TIME OF LATEST TRANSACTION
- control field: 20200114121147.0
008 - FIXED-LENGTH DATA ELEMENTS
- fixed length control field: 200114|| aca||aabn | a|a d
040 ## - CATALOGING SOURCE
- Original cataloging agency: NUST
- Transcribing agency: NUST
100 ## - HEADING--PERSONAL NAME
- Personal name: M.A.Qadeer
670 ## - SOURCE DATA FOUND
- Source citation: Work cat.: (NUST): M.A.Qadeer, Pakistan : A Social and Cultural Transformation
